000 01966nam a22004452 4500
001 0000025442
005 20151217154543.0
008 150922s xx 000 0 eng d
020 _a0199547289 :
040 _aKABU
_cKABU
100 1 _aAshworth, Andrew.
_@0000178057
245 1 4 _aThe criminal process /
_cby Andrew Ashworth & Mike Redmayne.
250 _a 4th ed.
260 _aUSA :
_bO.U.P,
_c2010.
300 _a xix, 471 p.
650 0 _aCriminal Justice
_xGreat Britain.
_@0000186087
650 0 _aCriminal investigation.
_@0000069595
700 1 _aMike Redmayne.
_@0000186088
852 1 _9P6500KES
852 1 _9P6500KES
852 1 _9P6500KES
852 1 _9P6500KES
852 1 _9P6500KES
852 1 _9P6500KES
852 1 _9P6500KES
852 1 _9P6500KES
852 1 _9P6500KES
852 1 _9P6500KES
852 1 _9P6500KES
852 1 _9P6500KES
852 1 _9P6500KES
852 1 _9P6500KES
852 1 _9P6500KES
852 1 _9P6500KES
852 1 _9P6500KES
852 1 _9P6500KES
852 1 _9P6500KES
908 _a150922
950 _@1
999 _c11708
_d11708